| 000 | 00702nam a2200229 a 4500 | ||
|---|---|---|---|
| 001 | 000020119 | ||
| 005 | 20200929170256.0 | ||
| 008 | 100721s1945 sp r 001 p spa d | ||
| 040 |
_aDO-SdBNP _bspa _cBNPHU |
||
| 082 |
_aA861.4 _bL951r |
||
| 100 | 1 |
_aLugones, Leopoldo, _d1874-1938 _915596 |
|
| 245 | 1 | 0 |
_aRomancero / _cLeopoldo Lugones. |
| 250 | _a4a ed. | ||
| 260 |
_aMadrid : _bEspasa-Calpe, _c1945. |
||
| 300 |
_a153 p. ; _c18 cm. |
||
| 490 | 1 |
_aAustral. Violeta : teatro y poesía ; _v232 |
|
| 500 | _aIncluye índice de autores. | ||
| 650 | 4 |
_aPoesía argentina _93859 |
|
| 650 | 4 |
_aLiteratura argentina _93860 |
|
| 830 | 0 |
_aAustral. Violeta : teatro y poesía ; _v232 _939559 |
|
| 049 | _aBNGR | ||
| 999 |
_c19627 _d19627 |
||